| 000 | 00770nam a2200205Ii 4500 | ||
|---|---|---|---|
| 003 | JO-AjNU | ||
| 008 | 230605s9999||||xx |||||||||||||| ||und|| | ||
| 040 |
_aJO-AjNU _bara _erda _cJO-AjNU |
||
| 041 | _aara | ||
| 050 | 1 | 4 | _aBP166.I277 2002 |
| 100 | 3 |
_aالأندلسي، أبي الوليد محمد بن أحمد بن محمد ، تقديم وتعليق: أحمد شمس الدين, _eauthor _915838 |
|
| 245 | 0 | 0 | _aالكشف عن مناهج الأدلة في عقائد الملة |
| 250 | _aط1 | ||
| 264 | 3 | 1 | _aبيروت: دار الكتب العلمية، 2002 |
| 300 | _a134ص | ||
| 336 |
_atext _btxt _2rdacontent |
||
| 337 |
_aunmediated _bn _2rdamedia |
||
| 338 |
_avolume _bnc _2rdacarrier |
||
| 650 | 4 |
_aعلم الكلام- فلسفة ابن رشد _915839 |
|
| 999 |
_aA4565 _c8133 _d8133 |
||